000 00373nam a2200157Ia 4500
008 230711s9999||||xx |||||||||||||| ||und||
041 _aENG
082 _a720
_bGA-D
100 _aGardner,L
245 0 _aDesigner guide to EN 1993-1-1 euro code 3
250 _a1st Ed.
260 _c2007
_aLondon
_bThomas Telford
300 _a165
650 _aArchitecture
942 _cBK
999 _c5000
_d5000